Dios y la energía en el origen de la vida (Record no. 20881)

MARC details
000 -LEADER
campo de control de longitud fija 00520nam a2200157 i 4500
001 - NÚMERO DE CONTROL
campo de control 20881
003 - IDENTIFICADOR DE NÚMERO DE CONTROL
campo de control ES-MaACL
005 - FECHA Y HORA DE LA ÚLTIMA TRANSACCIÓN
campo de control 20230906152400.0
007 - CAMPO FIJO DE DESCRIPCIÓN FÍSICA--INFORMACIÓN GENERAL
campo de control de longitud fija t|
008 - DATOS DE LONGITUD FIJA--INFORMACIÓN GENERAL
campo de control de longitud fija 021119s1926 sp ||||1| spa d
100 1# - ENTRADA PRINCIPAL--NOMBRE DE PERSONA
Nombre de persona Alarcón, Francisco B.
9 (RLIN) 19127
245 10 - MENCIÓN DEL TÍTULO
Título Dios y la energía en el origen de la vida
Resto del título : los efectos sorprendentes de la mecánica universal /
Mención de responsabilidad, etc. Francisco B. Alarcón.
260 ## - PUBLICACIÓN, DISTRIBUCIÓN, ETC.
Lugar de publicación, distribución, etc. Málaga :
Nombre del editor, distribuidor, etc. [s.n.,
Fecha de publicación, distribución, etc. 1926] (
Fabricante Tip. de José Supervielle)
300 ## - DESCRIPCIÓN FÍSICA
Extensión 58 p. ;
Dimensiones 19 cm.
852 ## - LOCALIZACIÓN
Ubicación ES-MaACL
Número de control de estantería 1704-F-5
Holdings
Estatus retirado Estado de pérdida Estado de daño No para préstamo Colección Biblioteca de origen Biblioteca actual Ubicación en estantería Fecha de adquisición Fuente de adquisición Total de préstamos Signatura topográfica completa Código de barras Visto por última vez Precio de reemplazo Tipo de ítem Koha
        Colección de folletos Biblioteca del Ateneo de Madrid Biblioteca del Ateneo de Madrid Depósito folletos 17/01/2008     1704-F-5 1021444 23/02/2023 23/02/2023 Folleto